000 00348nam a2200145Ia 4500
003 OSt
005 20240319144708.0
008 170523s9999 xx 000 0 und d
020 _a9789387646575
040 _cIIMT UNIVERSITY
100 _aGARG R N
245 0 _aMECHANICAL ENGINEERING DRAWING
260 _aNav Bharat Prakashan
942 _2ddc
_c02
999 _c11966
_d11966